[Event "CZE-chT2D 1112"]
[Site "Czech Republic"]
[Date "2012.03.25"]
[Round "10.7"]
[White "Mares, Petr"]
[Black "Hunacek, Jaroslav"]
[Result "0-1"]
[WhiteElo "2003"]
[BlackElo "1872"]
[PlyCount "190"]
[EventDate "2011.10.09"]
[EventType "team-tourn"]
[EventRounds "11"]
[EventCountry "CZE"]
[SourceTitle "EXT 2013"]
[Source "ChessBase"]
[SourceDate "2012.11.22"]
[SourceVersion "1"]
[SourceVersionDate "2012.11.22"]
[SourceQuality "1"]
[WhiteTeam "Usti nad Orlici"]
[BlackTeam "Trebic Caissa II"]
[WhiteTeamCountry "CZE"]
[BlackTeamCountry "CZE"]

1. Nf3 Nf6 2. g3 g6 3. Bg2 Bg7 4. d3 c5 5. e4 Nc6 6. 0-0 0-0 7. c4 e6 8. Nc3 d5 9. Bg5 d4 10. Ne2 e5 11. Qd2 Qc7 12. Bxf6 Bxf6 13. Ne1 Bg7 14. f4 Bh6 15. h3 Kh8 16. Nc2 Be6 17. Qe1 Bxc4 18. dxc4 d3 19. Ne3 dxe2 20. Qxe2 Nd4 21. Qd3 Rad8 22. Nd5 Qd6 23. Rae1 f6 24. f5 g5 25. g4 Qa6 26. Ra1 Rf7 27. Rfc1 Bf8 28. Rc3 Qd6 29. Kf2 Nc6 30. Bf3 Be7 31. h4 h6 32. a3 Rh7 33. Rh1 Kg7 34. Be2 Rdh8 35. Qd1 Nd4 36. Rch3 Bd8 37. Qa4 a6 38. b4 Kg8 39. Qe8+ Qf8 40. Qa4 Qd6 41. Qe8+ Qf8 42. Qxf8+ Kxf8 43. hxg5 fxg5 44. Bd3 Kf7 45. Ke3 Be7 46. Rh5 cxb4 47. axb4 Bf8 48. Rb1 Kg7 49. Ra1 Kf7 50. c5 Nc6 51. Bc4 Kg7 52. Kd3 Nd4 53. Rf1 Nc6 54. Kc3 Nd4 55. Nb6 Be7 56. Rf2 Bf6 57. Bd5 Kf8 58. Kd3 Rc7 59. Nc4 Kg7 60. Rh1 Rd8 61. Rfh2 Rh8 62. Rh3 Rd7 63. Ra1 Nc6 64. Kc3 Nd4 65. Ra2 Nb5+ 66. Kd3 Rhd8 67. Nb6 Rc7 68. Rah2 Rh8 69. Kc4 Nd4 70. Kc3 Nb5+ 71. Kd3 Nd4 72. Ra2 Rd8 73. Nc4 Nc6 74. Rb2 Ne7 75. Nb6 a5 76. bxa5 Rxc5 77. Ke2 Rxa5 78. Bxb7 Rb8 79. Nd7 Rh8 80. Nb6 Ra7 81. Nd7 Ra4 82. Rb6 Ra2+ 83. Kd1 Rd8 84. Rd3 Ng8 85. Nxe5 Rxd3+ 86. Nxd3 Ra1+ 87. Kc2 Bd4 88. Bd5 Bxb6 89. e5 Ra5 90. f6+ Kf8 91. Bxg8 Kxg8 92. e6 Kf8 93. Kc3 Rd5 94. Kc4 Rd6 95. e7+ Ke8 0-1

[Event "CZE-chT2D 0910"]
[Site "Czech Republic"]
[Date "2009.11.08"]
[Round "2.8"]
[White "Hunacek, Jaroslav"]
[Black "Cieslak, Leszek"]
[Result "0-1"]
[WhiteElo "1837"]
[BlackElo "1972"]
[PlyCount "88"]
[EventDate "2009.10.18"]
[EventType "team-tourn"]
[EventRounds "11"]
[EventCountry "CZE"]
[SourceTitle "EXT 2012"]
[Source "ChessBase"]
[SourceDate "2011.11.24"]
[SourceVersion "1"]
[SourceVersionDate "2011.11.24"]
[SourceQuality "1"]
[WhiteTeam "Trebic Caissa II"]
[BlackTeam "Trebic Caissa"]
[WhiteTeamCountry "CZE"]
[BlackTeamCountry "CZE"]

1. c4 Nf6 2. Nc3 g6 3. Nf3 Bg7 4. d4 0-0 5. e4 d6 6. Be2 e5 7. dxe5 dxe5 8. Qxd8 Rxd8 9. Bg5 Re8 10. Bxf6 Bxf6 11. Nd5 Bd8 12. 0-0-0 c6 13. Nc3 Bc7 14. h3 a5 15. Na4 Nd7 16. c5 Nf6 17. Nd2 Be6 18. g4 Rad8 19. f3 Rd4 20. b3 Red8 21. Nc4 Rxd1+ 22. Rxd1 Rxd1+ 23. Kxd1 Nd7 24. Kc2 Kf8 25. Kc3 Ke7 26. a3 f5 27. Bd3 fxg4 28. fxg4 Kf6 29. Ne3 Kg5 30. Ng2 Nf6 31. b4 h5 32. Kd2 hxg4 33. hxg4 Nxg4 34. Ke2 Nf6 35. Kf3 Bg4+ 36. Kf2 Nh5 37. Nc3 Nf4 38. Bf1 Nxg2 39. Bxg2 Be6 40. Kg3 axb4 41. axb4 Bd8 42. Ne2 Kh5 43. Bf3+ Kh6 44. Nc3 Bg5 0-1

[Event "Zdar nad Sazavou Vysocina op 6th"]
[Site "Zdar nad Sazavou"]
[Date "2009.09.26"]
[Round "1"]
[White "Hunacek, Jaroslav"]
[Black "Tesar, Jan"]
[Result "0-1"]
[WhiteElo "1837"]
[BlackElo "2101"]
[PlyCount "56"]
[EventDate "2009.09.26"]
[EventType "swiss"]
[EventRounds "9"]
[EventCountry "CZE"]
[SourceTitle "CBM 132 Extra"]
[Source "ChessBase"]
[SourceDate "2009.11.03"]
[SourceVersion "1"]
[SourceVersionDate "2009.11.03"]
[SourceQuality "1"]

1. Nf3 d5 2. d3 Nc6 3. g3 e5 4. Bg2 Be6 5. 0-0 f6 6. e4 d4 7. Nh4 g5 8. Nf5 Nge7 9. f4 gxf4 10. gxf4 Ng6 11. Qh5 Bf7 12. Qf3 Qd7 13. fxe5 Ncxe5 14. Qf2 0-0-0 15. Bf4 Be6 16. Nd2 Rg8 17. Kh1 Bc5 18. Nb3 Bb6 19. h3 Nxf4 20. Qxf4 Rg5 21. Rf2 c6 22. Re1 Ng6 23. Qf3 Bxf5 24. exf5 Nh4 25. Qe4 Nxf5 26. Qe6 Ne3 27. Qxd7+ Kxd7 28. Rxf6 Rxg2 0-1